Personnages de fiction par couleur de cheveux - Gris - Statistiques

Statistiques générales
  • Ce quiz a été pris 85 fois
  • Le résultat moyen est 5 sur 20
Statistiques - réponses
Par images Réponse % Correct
Claude Frollo
60%
Kakashi Hatake
60%
Geralt de Riv
56%
Renée Bibine
56%
Ludovic Cruchot
48%
Vif-Argent
42%
Solid Snake
36%
Lady Trémaine
34%
Sephiroth
32%
Gran Torino
23%
Walder Frey
21%
Magnifico
15%
Dante
14%
Iroh
12%
Yen Sid
11%
Stanford Pines
4%
Undertaker
4%
Amidamaru
3%
Jules Boudinet
3%
Muriel Finster
1%
Aucun quiz correspondant
Distribution des résultats
% des personnes avec chaque résultat
Percentile par nombre de réponses
Votre historique - résultats
Vous n’avez pas pris ce quiz